'D' Vocabulary (Medium) Quiz Stats

 Plays Quiz Updated Dec 3, 2016

Support Sporcle.
Go Orange.
Score 0/25 Timer 06:00
4 Plays Today
% Correct
dalmatian
96.1%
dollar
95.9%
dormitory
95.5%
donation
95.5%
disobedient
95.5%
drill
95.5%
dusk
95.3%
decay
95.2%
drug
95.2%
drama
95.1%
diverse
95%
district
94.9%
distribute
94.7%
% Correct
drowsy
94.5%
dome
94.4%
dominant
94.1%
droop
93.7%
disciplinarian
93.7%
dredge
93%
duct
92.1%
drastic
90.9%
dull
90.5%
discreet
89.2%
daunt
84.3%
dismal
79.2%

You're not logged in!

Compare scores with friends on all Sporcle quizzes.
OR
Log In

From the Vault

Countries in Debt

by Matt

With the economy tanking worldwide, we can't help but wonder how much out of date these debt estimates might be.
Remove Ads.
Support Sporcle.
Get the best of Sporcle when you Go Orange. This ad-free experience offers more features, more stats, and more fun while also helping to support Sporcle. Thank you for becoming a member.

Show Comments

Extras

Top Quizzes Today


Score Distribution

Your Account Isn't Verified!

In order to create a playlist on Sporcle, you need to verify the email address you used during registration. Go to your Sporcle Settings to finish the process.

Report this User

Report this user for behavior that violates our Community Guidelines.

Details: